Statistics for Religion General Knowledge #6

Click here to take the quiz!

General Stats

  • This quiz has been taken 257 times
  • The average score is 4 of 25

Answer Stats

HintAnswer% Correct
What Catholic apparition allegedly appeared in Fatima, Portugal in 1917?Our Lady of Fatima
56%
What author was condemned by Iran for satirizing Islam in his book "The Satanic Verses"?Salman Rushdie
44%
What is Ali Muhammad Shirazi better known as?Bab
43%
In what mythology would you find the Gods Marduk, Ishtar, and Tiamat?Mesopotamian
39%
What religious sect's name translates to "Party of Ali"?Shi'a
39%
Yinxi and Zhuongzi are important figures in what religion?Taoism
32%
What Greek mathematician and mystic spoke about the Harmonies of the Spheres?Pythagoras
30%
In Slavic mythology, what being was said to live in a house held up on stilts?Baba Yaga
16%
According to Jewish Tradition, how many commandments are contained within the Torah?613
15%
What Hindu word translates to "individual soul"?Atman
13%
Bogomilism, Mandeanism, and Catharism were all sects of what religion?Gnosticism
11%
What Vietnamese religion reveres Louis Pasteur as part of its pantheon?Cao Dai
10%
What novelty musician is recognized as a saint by the Church of the SubGenius?Weird Al Yankovic
9%
What Hindu figure is foretold to ride a white horse on Judgement Day?Kalki
7%
What Swedish theologian founded the New Church?Emanuel Swedenborg
6%
What spirits are venerated as lesser deities in Voodoo?Loa
6%
What Collection of Extra-Biblical texts is used by Mormons?Pearl of Great Price
6%
What deity presides over the Underworld in Hindu Mythology?Yama
6%
What demon tempted Buddha during his meditation under the Bodhi tree?Mara
5%
What collection of heretical texts included the Gospel of Thomas?Nag Hammadi Library
5%
What Jewish angel was the personification of death?Samael
4%
What Greek mythical figure was condemned to spend the rest of eternity on a spinning wheel?Ixion
3%
What religious text includes the Vendidad and the Gathas?Avestas
1%
What Theosophical deity was allegedly incarnated as Phidias, Confucius, and Seneca?Serapis Bey
1%
What Biblical figure allegedly founded the above?Simon Magus
1%

Score Distribution

Percentile by Number Answered

Percent of People with Each Score

Your Score History

You have not taken this quiz